[Event "DEN-chT 0607"]
[Site "Denmark"]
[Date "2007.01.13"]
[Round "4.6"]
[White "Pedersen, Finn"]
[Black "Rasmussen, Henning Lau"]
[Result "1-0"]
[WhiteElo "2300"]
[BlackElo "2119"]
[PlyCount "76"]
[EventDate "2006.11.04"]
[EventType "team"]
[EventRounds "9"]
[EventCountry "DEN"]
[Source "ChessBase"]
[SourceDate "2007.02.01"]
[WhiteTeam "Skolerne"]
[BlackTeam "Jetsmark"]
[WhiteTeamCountry "DEN"]
[BlackTeamCountry "DEN"]

1. d4 d5 2. Nf3 Nf6 3. c4 c6 4. e3 a6 5. a4 Bg4 6. Nbd2 e6 7. Bd3 Nbd7 8. O-O
a5 9. b3 Bd6 10. Bb2 O-O 11. Qc2 Qb8 12. h3 Bh5 13. Bc3 Re8 14. Qb2 e5 15. cxd5
e4 16. dxc6 bxc6 17. Ne5 exd3 18. g4 Nxe5 19. dxe5 Bxe5 20. gxh5 Nxh5 21. Rac1
Bc7 22. Kg2 Re6 23. Rg1 Qc8 24. Kf1 Rg6 25. Rxg6 hxg6 26. Kg2 Qe6 27. Bd4 Qd5+
28. Nf3 Rb8 29. Rc5 Qe6 30. Rc3 Rd8 31. Qc1 Qe4 32. Rc4 Bd6 33. Bb6 Qe8 34.
Bxd8 Qxd8 35. Rxc6 Kh7 36. Rc8 Qd7 37. Qc6 Qe7 38. Qd5 Bb4 1-0

[Event "DEN-chT 0607"]
[Site "Denmark"]
[Date "2007.01.13"]
[Round "4.7"]
[White "Grubert, Christian"]
[Black "Jacobsen, Bo"]
[Result "0-1"]
[WhiteElo "2020"]
[BlackElo "2307"]
[PlyCount "120"]
[EventDate "2006.11.04"]
[EventType "team"]
[EventRounds "9"]
[EventCountry "DEN"]
[Source "ChessBase"]
[SourceDate "2007.02.01"]
[WhiteTeam "Jetsmark"]
[BlackTeam "Skolerne"]
[WhiteTeamCountry "DEN"]
[BlackTeamCountry "DEN"]

1. e4 e5 2. Nf3 Nc6 3. Bb5 Nf6 4. Nc3 d6 5. d4 Bd7 6. O-O Be7 7. Re1 exd4 8.
Nxd4 O-O 9. h3 Nxd4 10. Qxd4 Bxb5 11. Nxb5 Nd7 12. c3 a6 13. Na3 Re8 14. Bf4
Bf6 15. Qd2 Nc5 16. f3 Ne6 17. Be3 Bh4 18. Re2 Bg3 19. Rf1 g5 20. Bf2 Bf4 21.
Be3 Qf6 22. Nc2 Rad8 23. Nd4 Bxe3+ 24. Rxe3 Nf4 25. Nf5 d5 26. Qd4 Qxd4 27.
cxd4 f6 28. g3 Ne6 29. e5 Kf7 30. f4 gxf4 31. gxf4 Kg6 32. Ng3 Nxd4 33. f5+ Kg5
34. e6 c5 35. Kg2 h5 36. h4+ Kh6 37. Rf4 Rg8 38. Kf2 Rg4 39. Rxg4 hxg4 40. Rd3
Nc6 41. Ne4 c4 42. Rd1 Kg7 43. Nc5 d4 44. Nxb7 Rd5 45. Kg3 Ne7 46. Kxg4 Nxf5
47. Kf4 Ne7 48. b4 Nc6 49. a3 f5 50. Nc5 Kf6 51. Nd7+ Kxe6 52. Nb6 c3 53. Nxd5
Kxd5 54. h5 Ne5 55. h6 c2 56. Rh1 Ng6+ 57. Kxf5 Nh8 58. Kf4 Kc4 59. Ke4 d3 60.
Rh5 d2 0-1

[Event "DEN-chT 0607"]
[Site "Denmark"]
[Date "2007.01.13"]
[Round "4.8"]
[White "Hagen, Andreas Skytte"]
[Black "Clausen, Tommy"]
[Result "1-0"]
[WhiteElo "2259"]
[BlackElo "1934"]
[PlyCount "103"]
[EventDate "2006.11.04"]
[EventType "team"]
[EventRounds "9"]
[EventCountry "DEN"]
[Source "ChessBase"]
[SourceDate "2007.02.01"]
[WhiteTeam "Skolerne"]
[BlackTeam "Jetsmark"]
[WhiteTeamCountry "DEN"]
[BlackTeamCountry "DEN"]

1. Nf3 d5 2. d4 Nf6 3. c4 Bf5 4. Nc3 e6 5. Bg5 Be7 6. e3 h6 7. Bxf6 Bxf6 8.
cxd5 exd5 9. Qb3 c6 10. Qxb7 Qb6 11. Qxb6 axb6 12. Rc1 O-O 13. Be2 Be7 14. O-O
Bd6 15. Rfd1 b5 16. a3 Nd7 17. Nd2 Nf6 18. Bf3 Rfe8 19. Na2 Bd7 20. Ra1 Ra4 21.
Nc3 Raa8 22. Nb3 b4 23. axb4 Bxb4 24. Rxa8 Rxa8 25. Ra1 Rb8 26. Na4 Bf5 27. Rc1
Ra8 28. Nc3 Rb8 29. Bd1 Ne8 30. g4 Bd7 31. Na4 Nd6 32. Nbc5 Be8 33. b3 Ba5 34.
Kg2 f5 35. h3 f4 36. exf4 Bd2 37. Rc2 Bxf4 38. Ne6 Bg5 39. f4 Bh4 40. Nac5 Bg6
41. f5 Bf7 42. Ra2 Nb5 43. Ra6 Rc8 44. Be2 Bf6 45. Bxb5 cxb5 46. Rb6 Be8 47. b4
Ra8 48. Na6 Bf7 49. Nac7 Rc8 50. Nxd5 Rc2+ 51. Kg3 Bxe6 52. Nxf6+ 1-0

[Event "DEN-chT 0607"]
[Site "Denmark"]
[Date "2007.01.13"]
[Round "4.1"]
[White "Hansen, Sune Berg"]
[Black "Andreasen, Per Naesby"]
[Result "1-0"]
[WhiteElo "2566"]
[BlackElo "2228"]
[PlyCount "39"]
[EventDate "2006.11.04"]
[EventType "team"]
[EventRounds "9"]
[EventCountry "DEN"]
[Source "ChessBase"]
[SourceDate "2007.02.01"]
[WhiteTeam "Helsingor"]
[BlackTeam "Norresundby"]
[WhiteTeamCountry "DEN"]
[BlackTeamCountry "DEN"]

1. e4 e6 2. d4 d5 3. Nd2 dxe4 4. Nxe4 Nd7 5. Nf3 Ngf6 6. Nxf6+ Nxf6 7. Bc4 c5
8. O-O cxd4 9. Qe2 a6 10. Bg5 b5 11. Bb3 Be7 12. Rad1 O-O 13. Nxd4 Qc7 14. Rfe1
Re8 15. c3 Bb7 16. Nxe6 Qc6 17. Qf1 Qb6 18. Be3 Qc6 19. Ng5 Rf8 20. Bd4 1-0

[Event "DEN-chT 0607"]
[Site "Denmark"]
[Date "2007.01.13"]
[Round "4.2"]
[White "Nielsen, Tommy"]
[Black "Mortensen, Erling"]
[Result "1/2-1/2"]
[WhiteElo "2187"]
[BlackElo "2477"]
[PlyCount "103"]
[EventDate "2006.11.04"]
[EventType "team"]
[EventRounds "9"]
[EventCountry "DEN"]
[Source "ChessBase"]
[SourceDate "2007.02.01"]
[WhiteTeam "Norresundby"]
[BlackTeam "Helsingor"]
[WhiteTeamCountry "DEN"]
[BlackTeamCountry "DEN"]

1. e4 c5 2. Nf3 e6 3. d4 cxd4 4. Nxd4 a6 5. Bd3 b5 6. O-O Bb7 7. Qe2 Nc6 8.
Nxc6 Bxc6 9. a4 Nf6 10. e5 Nd5 11. axb5 axb5 12. Rxa8 Bxa8 13. Bxb5 Qh4 14. Rd1
Bc5 15. Bxd7+ Ke7 16. Bb5 Rd8 17. Be3 Nxe3 18. Rxd8 Kxd8 19. fxe3 Qg5 20. Nc3
Qxe3+ 21. Qxe3 Bxe3+ 22. Kf1 Bd4 23. Na4 Bxe5 24. g3 Ke7 25. Ke2 h5 26. c4 Bd4
27. c5 g5 28. b4 g4 29. Kf1 f5 30. Bd3 Bf3 31. Nb6 Bc3 32. b5 Bd4 33. Nc4 Bxc5
34. Ne5 Bb7 35. Ng6+ Kf6 36. Nf4 h4 37. gxh4 Be3 38. Ng2 Bh6 39. Bc4 f4 40. Ne1
Ke5 41. Nc2 Bf8 42. Bd3 Bc5 43. h5 g3 44. hxg3 fxg3 45. Ne1 Be3 46. Be2 Bd5 47.
Bf3 Kf5 48. Kg2 Bf4 49. Bxd5 exd5 50. Nf3 Kg4 51. Nd4 Kxh5 52. Ne2 1/2-1/2

[Event "DEN-chT 0607"]
[Site "Denmark"]
[Date "2007.01.13"]
[Round "4.3"]
[White "Nielsen, Nicholas Roland"]
[Black "Willumsen, Niels Henrik"]
[Result "1-0"]
[WhiteElo "2158"]
[BlackElo "2138"]
[PlyCount "61"]
[EventDate "2006.11.04"]
[EventType "team"]
[EventRounds "9"]
[EventCountry "DEN"]
[Source "ChessBase"]
[SourceDate "2007.02.01"]
[WhiteTeam "Helsingor"]
[BlackTeam "Norresundby"]
[WhiteTeamCountry "DEN"]
[BlackTeamCountry "DEN"]

1. e4 c5 2. Nf3 d6 3. d4 cxd4 4. Nxd4 Nf6 5. Nc3 g6 6. Be3 Bg7 7. f3 O-O 8. Qd2
Nc6 9. Bc4 Bd7 10. O-O-O Ne5 11. Bb3 Rc8 12. h4 h5 13. Bh6 Bxh6 14. Qxh6 Rxc3
15. bxc3 Qc7 16. Qe3 a5 17. a4 Bxa4 18. Bxa4 Qc5 19. c4 Nxc4 20. Qb3 b5 21.
Bxb5 Nb6 22. Rd3 e5 23. Ne2 a4 24. Bxa4 Ra8 25. Nc3 Nc4 26. Rhd1 Ra6 27. Nb5
Nb6 28. Rc3 Qf2 29. Nxd6 Nfd5 30. Rxd5 Rxa4 31. Rd1 1-0

[Event "DEN-chT 0607"]
[Site "Denmark"]
[Date "2007.01.13"]
[Round "4.4"]
[White "Jorgensen, Jorgen"]
[Black "Larsen, Ole Bogh"]
[Result "1/2-1/2"]
[WhiteElo "2255"]
[BlackElo "2226"]
[PlyCount "90"]
[EventDate "2006.11.04"]
[EventType "team"]
[EventRounds "9"]
[EventCountry "DEN"]
[Source "ChessBase"]
[SourceDate "2007.02.01"]
[WhiteTeam "Norresundby"]
[BlackTeam "Helsingor"]
[WhiteTeamCountry "DEN"]
[BlackTeamCountry "DEN"]

1. Nf3 Nf6 2. g3 g6 3. Bg2 Bg7 4. c4 c6 5. O-O O-O 6. d4 d5 7. b3 Ne4 8. Bb2 a5
9. Nbd2 Bf5 10. Nh4 a4 11. Nxf5 gxf5 12. Nxe4 fxe4 13. Qd2 Nd7 14. cxd5 cxd5
15. Bh3 e6 16. Ba3 Re8 17. e3 Ra6 18. Rfb1 axb3 19. axb3 Qb6 20. Bf1 Ra7 21.
Bb4 Rxa1 22. Rxa1 Rc8 23. Ra4 Qc6 24. Ra5 Bf8 25. Bxf8 Kxf8 26. Qb4+ Kg7 27.
Ra7 Rc7 28. Kg2 e5 29. Qe7 exd4 30. exd4 Qf6 31. Qxf6+ Nxf6 32. Ra2 Rc3 33. b4
Ne8 34. Ra5 Nf6 35. h3 Rc2 36. Kg1 Rd2 37. Rb5 Rxd4 38. Be2 Rd2 39. Kf1 d4 40.
Ke1 Rb2 41. Rxb7 d3 42. Bg4 Nd5 43. Bf5 e3 44. fxe3 Kh6 45. Bxd3 Nxe3 1/2-1/2

[Event "DEN-chT 0607"]
[Site "Denmark"]
[Date "2007.01.13"]
[Round "4.5"]
[White "Jorgensen, Michael"]
[Black "Pedersen, Svend"]
[Result "0-1"]
[WhiteElo "2201"]
[BlackElo "2237"]
[PlyCount "46"]
[EventDate "2006.11.04"]
[EventType "team"]
[EventRounds "9"]
[EventCountry "DEN"]
[Source "ChessBase"]
[SourceDate "2007.02.01"]
[WhiteTeam "Helsingor"]
[BlackTeam "Norresundby"]
[WhiteTeamCountry "DEN"]
[BlackTeamCountry "DEN"]

1. d4 d6 2. c4 e5 3. Nf3 exd4 4. Nxd4 g6 5. Nc3 Bg7 6. e4 Ne7 7. Be2 O-O 8. O-O
Nbc6 9. Be3 f5 10. exf5 Nxf5 11. Nxf5 Bxf5 12. Qd2 Kh8 13. Rad1 b6 14. Nd5 a5
15. b3 Qd7 16. Bxb6 cxb6 17. Nxb6 Qb7 18. Nxa8 Nd4 19. Bd3 Bg4 20. f3 Nxf3+ 21.
gxf3 Bd4+ 22. Rf2 Qxf3 23. Rdf1 Bh3 0-1

[Event "DEN-chT 0607"]
[Site "Denmark"]
[Date "2007.01.13"]
[Round "4.6"]
[White "Nielsen, John Bauneborg"]
[Black "Dalsberg, Sandra de Blecourt"]
[Result "1-0"]
[WhiteElo "2187"]
[BlackElo "2078"]
[PlyCount "73"]
[EventDate "2006.11.04"]
[EventType "team"]
[EventRounds "9"]
[EventCountry "DEN"]
[Source "ChessBase"]
[SourceDate "2007.02.01"]
[WhiteTeam "Norresundby"]
[BlackTeam "Helsingor"]
[WhiteTeamCountry "DEN"]
[BlackTeamCountry "DEN"]

1. d4 d5 2. Nc3 e6 3. Nf3 Nf6 4. Bg5 Nbd7 5. e4 dxe4 6. Nxe4 Be7 7. Bxf6 Nxf6
8. Nxf6+ Bxf6 9. Bd3 Qd6 10. Qe2 Bd7 11. O-O O-O-O 12. Ne5 Be8 13. Nf3 g5 14.
c3 g4 15. Nd2 Qf4 16. Ne4 Be7 17. b4 h5 18. b5 h4 19. a4 Rd5 20. Rad1 f5 21.
Nc5 Bxc5 22. Qxe6+ Bd7 23. Qxd5 Bd6 24. Rfe1 Qxh2+ 25. Kf1 Qf4 26. Re6 h3 27.
gxh3 gxh3 28. Qxf5 h2 29. Kg2 Rg8+ 30. Kh1 Rg1+ 31. Rxg1 hxg1=Q+ 32. Kxg1 Qc1+
33. Kg2 Bxe6 34. Qxe6+ Kd8 35. Qf6+ Be7 36. Qh8+ Kd7 37. Bf5+ 1-0

[Event "DEN-chT 0607"]
[Site "Denmark"]
[Date "2007.01.13"]
[Round "4.7"]
[White "Jensen, Ib"]
[Black "Sorensen, Bent"]
[Result "0-1"]
[WhiteElo "1982"]
[BlackElo "2220"]
[PlyCount "104"]
[EventDate "2006.11.04"]
[EventType "team"]
[EventRounds "9"]
[EventCountry "DEN"]
[Source "ChessBase"]
[SourceDate "2007.02.01"]
[WhiteTeam "Helsingor"]
[BlackTeam "Norresundby"]
[WhiteTeamCountry "DEN"]
[BlackTeamCountry "DEN"]

1. d4 d5 2. Nf3 Nf6 3. e3 Bg4 4. c4 Bxf3 5. Qxf3 e6 6. Nc3 Be7 7. Bd2 O-O 8.
Bd3 c6 9. O-O Nbd7 10. cxd5 exd5 11. Rad1 Re8 12. Rfe1 Bd6 13. e4 dxe4 14. Nxe4
Nxe4 15. Bxe4 Qc7 16. Qh3 Nf6 17. Bd3 Bf4 18. Bc3 g6 19. g3 Bd6 20. Bc4 Nd5 21.
Bxd5 cxd5 22. Qg2 Qc4 23. Qf1 Qc6 24. Qd3 a6 25. Bd2 Rac8 26. Rxe8+ Rxe8 27.
Re1 Rxe1+ 28. Bxe1 Qc4 29. Qxc4 dxc4 30. Kf1 Kf8 31. b3 cxb3 32. axb3 Ke7 33.
Ke2 Ke6 34. h3 Ba3 35. Bc3 Kd5 36. Kd3 Bd6 37. g4 b6 38. Bd2 a5 39. f3 Be7 40.
Be3 b5 41. Bc1 Bb4 42. Bb2 a4 43. Kc2 Be1 44. bxa4 bxa4 45. Kd3 Bb4 46. Kc2 a3
47. Ba1 Kc4 48. f4 f5 49. gxf5 gxf5 50. Kb1 Kb3 51. d5 a2+ 52. Kc1 Bc3 0-1

[Event "DEN-chT 0607"]
[Site "Denmark"]
[Date "2007.01.13"]
[Round "4.8"]
[White "Christiansen, Jens Jorgen"]
[Black "Petersen, Age"]
[Result "1-0"]
[WhiteElo "2097"]
[BlackElo "1953"]
[PlyCount "57"]
[EventDate "2006.11.04"]
[EventType "team"]
[EventRounds "9"]
[EventCountry "DEN"]
[Source "ChessBase"]
[SourceDate "2007.02.01"]
[WhiteTeam "Norresundby"]
[BlackTeam "Helsingor"]
[WhiteTeamCountry "DEN"]
[BlackTeamCountry "DEN"]

1. d4 d5 2. c4 c6 3. Nc3 Nf6 4. Nf3 e6 5. e3 Nbd7 6. Bd3 Bd6 7. O-O O-O 8. e4
dxe4 9. Nxe4 Nxe4 10. Bxe4 c5 11. Be3 Qe7 12. Qe2 Re8 13. Rad1 Nf8 14. dxc5
Bxc5 15. a3 a5 16. Nd4 Bxd4 17. Bxd4 f5 18. Bf3 e5 19. Bd5+ Kh8 20. Rfe1 Ng6
21. Bc3 e4 22. Qd2 Qc7 23. Qg5 Qe7 24. Qh6 Ra6 25. Qd2 Ne5 26. Bxe5 Qxe5 27.
Bf7 Rf8 28. Qd8 Qc5 29. Rd5 1-0

[Event "DEN-chT 0607"]
[Site "Denmark"]
[Date "2007.01.13"]
[Round "4.1"]
[White "Hector, Jonny"]
[Black "Hillarp Persson, Tiger"]
[Result "0-1"]
[WhiteElo "2508"]
[BlackElo "2550"]
[PlyCount "92"]
[EventDate "2006.11.04"]
[EventType "team"]
[EventRounds "9"]
[EventCountry "DEN"]
[Source "ChessBase"]
[SourceDate "2007.02.01"]
[WhiteTeam "Nordkalotten"]
[BlackTeam "Bronshoj"]
[WhiteTeamCountry "DEN"]
[BlackTeamCountry "DEN"]

1. Nc3 c5 2. Nf3 a6 3. d4 cxd4 4. Qxd4 Nc6 5. Qh4 Nf6 6. Bg5 e6 7. O-O-O Be7 8.
e4 Qa5 9. Nd2 b5 10. f4 d6 11. g4 Bb7 12. Bg2 Qc7 13. Rhe1 b4 14. Ne2 Rc8 15.
Kb1 h6 16. Rc1 Na5 17. c4 Qd8 18. Qh3 O-O 19. Bxf6 Bxf6 20. Qd3 e5 21. f5 Bg5
22. Red1 Qb6 23. b3 Qf2 24. Bf3 Qxh2 25. Rf1 Ba8 26. Rcd1 Nb7 27. Qc2 Nc5 28.
Nc1 Rfd8 29. Nd3 Nxd3 30. Qxd3 Qf4 31. Rfe1 a5 32. Re2 Be7 33. Nf1 Bc6 34. Bh1
Bh4 35. Ne3 Bf2 36. Rf1 Bxe3 37. Rxf4 exf4 38. f6 gxf6 39. Rh2 Kg7 40. Rh5 a4
41. bxa4 Bd7 42. Rd5 Be6 43. Rxd6 Rxd6 44. Qxd6 Rxc4 45. Bf3 Rd4 46. Qb8 Rd2
0-1

[Event "DEN-chT 0607"]
[Site "Denmark"]
[Date "2007.01.13"]
[Round "4.2"]
[White "Hoi, Carsten"]
[Black "Ahlander, Bjorn"]
[Result "1/2-1/2"]
[WhiteElo "2425"]
[BlackElo "2401"]
[PlyCount "49"]
[EventDate "2006.11.04"]
[EventType "team"]
[EventRounds "9"]
[EventCountry "DEN"]
[Source "ChessBase"]
[SourceDate "2007.02.01"]
[WhiteTeam "Bronshoj"]
[BlackTeam "Nordkalotten"]
[WhiteTeamCountry "DEN"]
[BlackTeamCountry "DEN"]

1. d4 Nf6 2. c4 e6 3. Nc3 Bb4 4. e3 c5 5. Bd3 O-O 6. Nge2 d5 7. cxd5 cxd4 8.
exd4 exd5 9. Bg5 h6 10. Bh4 Nc6 11. O-O Be6 12. Rc1 Re8 13. Bb1 Bd6 14. h3 Rc8
15. Qd3 a6 16. Rce1 b5 17. Bxf6 Qxf6 18. Qh7+ Kf8 19. Nxd5 Bxd5 20. Nf4 g6 21.
Qxh6+ Qg7 22. Qxg7+ Kxg7 23. Nxd5 Nxd4 24. Rxe8 Rxe8 25. Rd1 1/2-1/2

[Event "DEN-chT 0607"]
[Site "Denmark"]
[Date "2007.01.13"]
[Round "4.3"]
[White "Kristensen, Kaare Hove"]
[Black "Pilgaard, Kim"]
[Result "0-1"]
[WhiteElo "2313"]
[BlackElo "2420"]
[PlyCount "62"]
[EventDate "2006.11.04"]
[EventType "team"]
[EventRounds "9"]
[EventCountry "DEN"]
[Source "ChessBase"]
[SourceDate "2007.02.01"]
[WhiteTeam "Nordkalotten"]
[BlackTeam "Bronshoj"]
[WhiteTeamCountry "DEN"]
[BlackTeamCountry "DEN"]

1. e4 e5 2. Nf3 Nc6 3. d4 exd4 4. Nxd4 Nf6 5. Nxc6 bxc6 6. e5 Qe7 7. Qe2 Nd5 8.
c4 Nb6 9. Nc3 Qe6 10. Qe4 g6 11. Bf4 Bb4 12. Bd2 O-O 13. Be2 Re8 14. f4 f6 15.
c5 Bxc5 16. Na4 Nxa4 17. Qxa4 fxe5 18. fxe5 Qxe5 19. O-O-O Rb8 20. Qc2 d5 21.
Bd3 Bd4 22. b3 Qd6 23. Kb1 Bg4 24. Rdf1 c5 25. Bc3 Bxc3 26. Qxc3 c4 27. Bc2
cxb3 28. axb3 d4 29. Qc4+ Be6 30. Qd3 Bf7 31. Rf6 Qxf6 0-1

[Event "DEN-chT 0607"]
[Site "Denmark"]
[Date "2007.01.13"]
[Round "4.4"]
[White "Bromann, Thorbjorn"]
[Black "Ejsing, Esben"]
[Result "1-0"]
[WhiteElo "2387"]
[BlackElo "2275"]
[PlyCount "47"]
[EventDate "2006.11.04"]
[EventType "team"]
[EventRounds "9"]
[EventCountry "DEN"]
[Source "ChessBase"]
[SourceDate "2007.02.01"]
[WhiteTeam "Bronshoj"]
[BlackTeam "Nordkalotten"]
[WhiteTeamCountry "DEN"]
[BlackTeamCountry "DEN"]

1. d4 Nf6 2. Nc3 d5 3. Bg5 Nbd7 4. Nf3 g6 5. Qd3 Bg7 6. O-O-O b6 7. Ne5 Bb7 8.
Qh3 h6 9. Be3 c5 10. f4 e6 11. g4 a6 12. Nxd7 Nxd7 13. Bg2 Rc8 14. f5 cxd4 15.
Bxd4 O-O 16. Bxg7 Kxg7 17. e4 Rc4 18. exd5 Qg5+ 19. Rd2 Ne5 20. Re1 Nxg4 21.
Ne4 Qf4 22. Rf1 Rxc2+ 23. Kb1 Rfc8 24. Rxc2 1-0

[Event "DEN-chT 0607"]
[Site "Denmark"]
[Date "2007.01.13"]
[Round "4.5"]
[White "Nielsen, Lars Aaes"]
[Black "Brinck Claussen, Bjorn"]
[Result "1/2-1/2"]
[WhiteElo "2221"]
[BlackElo "2320"]
[PlyCount "62"]
[EventDate "2006.11.04"]
[EventType "team"]
[EventRounds "9"]
[EventCountry "DEN"]
[Source "ChessBase"]
[SourceDate "2007.02.01"]
[WhiteTeam "Nordkalotten"]
[BlackTeam "Bronshoj"]
[WhiteTeamCountry "DEN"]
[BlackTeamCountry "DEN"]

1. e4 e6 2. d4 d5 3. Nc3 Bb4 4. Nge2 dxe4 5. a3 Be7 6. g4 Bd7 7. Bg2 Bc6 8. Be3
Nf6 9. Ng3 Nbd7 10. Qe2 Nb6 11. O-O-O O-O 12. Rdg1 Nbd5 13. Ncxe4 Nxe4 14. Nxe4
f5 15. gxf5 exf5 16. Nc5 Bxc5 17. dxc5 Nxe3 18. Bxc6 bxc6 19. Qxe3 Qd5 20. Rd1
f4 21. Qc3 Qf5 22. Rhg1 Rf7 23. Rge1 Raf8 24. Re5 Qg4 25. Qc4 g6 26. Re7 Kg7
27. Rde1 Qh4 28. Qd4+ Kh6 29. Qd7 Qxf2 30. Qh3+ Kg7 31. Qc3+ Kh6 1/2-1/2

[Event "DEN-chT 0607"]
[Site "Denmark"]
[Date "2007.01.13"]
[Round "4.6"]
[White "Carstensen, Jacob"]
[Black "Jakobsen, Peter"]
[Result "1/2-1/2"]
[WhiteElo "2277"]
[BlackElo "2206"]
[PlyCount "82"]
[EventDate "2006.11.04"]
[EventType "team"]
[EventRounds "9"]
[EventCountry "DEN"]
[Source "ChessBase"]
[SourceDate "2007.02.01"]
[WhiteTeam "Bronshoj"]
[BlackTeam "Nordkalotten"]
[WhiteTeamCountry "DEN"]
[BlackTeamCountry "DEN"]

1. d4 d5 2. c4 e6 3. Nc3 Be7 4. Nf3 Nf6 5. Bg5 h6 6. Bh4 O-O 7. e3 b6 8. cxd5
Nxd5 9. Bg3 Bb7 10. Bd3 c5 11. O-O Nd7 12. Rc1 cxd4 13. exd4 Rc8 14. Re1 Bb4
15. Bb1 N7f6 16. Qd3 Nxc3 17. bxc3 Bxf3 18. Qxf3 Ba3 19. Rc2 Qd5 20. c4 Qxf3
21. gxf3 Rfd8 22. Rd1 Bd6 23. a4 Bxg3 24. hxg3 e5 25. d5 Ne8 26. a5 Nd6 27.
axb6 axb6 28. Ba2 Rc5 29. Rb2 b5 30. cxb5 Nxb5 31. Rdb1 Nc3 32. Rb8 Rcc8 33.
Rxc8 Rxc8 34. Rb2 Nxa2 35. Rxa2 Rc1+ 36. Kg2 Kf8 37. Ra8+ Ke7 38. Ra7+ Ke8 39.
d6 Rd1 40. Re7+ Kf8 41. Rxe5 Rxd6 1/2-1/2

[Event "DEN-chT 0607"]
[Site "Denmark"]
[Date "2007.01.13"]
[Round "4.7"]
[White "Lilja, Richard"]
[Black "Palm, Nikolaj"]
[Result "0-1"]
[WhiteElo "2069"]
[BlackElo "2268"]
[PlyCount "147"]
[EventDate "2006.11.04"]
[EventType "team"]
[EventRounds "9"]
[EventCountry "DEN"]
[Source "ChessBase"]
[SourceDate "2007.02.01"]
[WhiteTeam "Nordkalotten"]
[BlackTeam "Bronshoj"]
[WhiteTeamCountry "DEN"]
[BlackTeamCountry "DEN"]

1. e4 e5 2. Nc3 Nf6 3. Bc4 Nc6 4. d3 Bc5 5. Bg5 h6 6. Bxf6 Qxf6 7. Qf3 Qxf3 8.
Nxf3 O-O 9. Nd5 Bd6 10. a3 Re8 11. c3 Nd8 12. O-O c6 13. Ne3 Bc7 14. Rad1 d6
15. Rfe1 g6 16. h4 h5 17. Nd2 Ne6 18. Ndf1 b5 19. Ba2 Bb6 20. Nc2 Nf4 21. d4
Bg4 22. f3 Be6 23. Bxe6 Nxe6 24. Kh2 a5 25. Nfe3 exd4 26. Nxd4 Rac8 27. Nec2
Nc5 28. Ne2 Re7 29. Na1 Kf8 30. Nc1 Nb7 31. b3 Bf2 32. Rf1 Bxh4 33. Ne2 Bf6 34.
Nc2 Ke8 35. Ncd4 Kd7 36. c4 bxc4 37. bxc4 Nc5 38. Rb1 Kc7 39. Rfd1 Ree8 40. Rd2
Rb8 41. Rdb2 Rxb2 42. Rxb2 Na4 43. Rb1 Nb6 44. Rc1 Nd7 45. Rb1 Rb8 46. Rxb8
Nxb8 47. f4 Kb6 48. Kh3 Kc5 49. Nb3+ Kxc4 50. Nxa5+ Kd3 51. Nc1+ Kxe4 52. Nb7
Be7 53. Kg3 d5 54. a4 c5 55. Ne2 d4 56. Na5 Kd3 57. Kf3 Kc2 58. Nc4 f5 59. a5
Na6 60. Ng3 Bd8 61. Nf1 Bc7 62. g3 Bd8 63. Ke2 Be7 64. Nfd2 g5 65. Na3+ Kc3 66.
Nac4 gxf4 67. gxf4 h4 68. Ne5 h3 69. Ndf3 Bd8 70. Nf7 Bc7 71. N7g5 h2 72. Nxh2
Bxf4 73. Nhf3 Bxg5 74. Nxg5 0-1

[Event "DEN-chT 0607"]
[Site "Denmark"]
[Date "2007.01.13"]
[Round "4.8"]
[White "Ligaard, Morten Lund"]
[Black "Koch, Soren Andreas"]
[Result "1-0"]
[WhiteElo "2181"]
[BlackElo "2079"]
[PlyCount "84"]
[EventDate "2006.11.04"]
[EventType "team"]
[EventRounds "9"]
[EventCountry "DEN"]
[Source "ChessBase"]
[SourceDate "2007.02.01"]
[WhiteTeam "Bronshoj"]
[BlackTeam "Nordkalotten"]
[WhiteTeamCountry "DEN"]
[BlackTeamCountry "DEN"]

1. d4 Nf6 2. c4 d6 3. Bg5 Ne4 4. Bf4 c5 5. d5 g5 6. Bc1 Bg7 7. f3 Qa5+ 8. Nd2
Nf6 9. e4 Nbd7 10. Ne2 Ne5 11. Nc3 g4 12. f4 Ng6 13. Be2 Nh5 14. Nb3 Bxc3+ 15.
bxc3 Qxc3+ 16. Bd2 Qg7 17. O-O f5 18. exf5 Bxf5 19. Bxg4 Bxg4 20. Qxg4 Nf6 21.
Qh3 Ne4 22. Be3 Kd8 23. Qf3 Nf6 24. Na5 Rg8 25. g3 Nh4 26. Qe2 Nf5 27. Bf2 Ng4
28. Qe6 Nd4 29. Nxb7+ Kc7 30. Bxd4 Qxd4+ 31. Kh1 Rg7 32. h3 Ne3 33. Rfe1 Nc2
34. Rab1 Nxe1 35. Na5 Rb8 36. Rxb8 Kxb8 37. Nc6+ Kc7 38. Nxd4 cxd4 39. Qxe1 Kb6
40. Qb4+ Kc7 41. Qa5+ Kb7 42. Kg2 h5 1-0

[Event "DEN-chT 0607"]
[Site "Denmark"]
[Date "2007.01.14"]
[Round "5.1"]
[White "Pedersen, Nicolai Vesterbaek"]
[Black "Hector, Jonny"]
[Result "1/2-1/2"]
[WhiteElo "2492"]
[BlackElo "2508"]
[PlyCount "115"]
[EventDate "2006.11.04"]
[EventType "team"]
[EventRounds "9"]
[EventCountry "DEN"]
[Source "ChessBase"]
[SourceDate "2007.02.01"]
[WhiteTeam "Aalborg"]
[BlackTeam "Nordkalotten"]
[WhiteTeamCountry "DEN"]
[BlackTeamCountry "DEN"]

1. Nf3 d5 2. g3 Nc6 3. Bg2 e5 4. d3 f5 5. O-O Nf6 6. Na3 Be6 7. Rb1 e4 8. Nd2
Qd7 9. c4 O-O-O 10. Qa4 Bb4 11. Nb5 a6 12. Na7+ Nxa7 13. Qxb4 Nc6 14. Qc5 Rhe8
15. b3 Bf7 16. Bb2 d4 17. Qa3 Bh5 18. Rfe1 Qe6 19. b4 e3 20. Nf1 exf2+ 21. Kxf2
Bxe2 22. b5 axb5 23. Qa8+ Kd7 24. Qxb7 bxc4 25. Qxc6+ Qxc6 26. Bxc6+ Kxc6 27.
Rxe2 Ng4+ 28. Ke1 c3 29. Bxc3 dxc3 30. Rc1 Rxe2+ 31. Kxe2 Re8+ 32. Kf3 Ne5+ 33.
Ke2 Ng4+ 34. Kf3 Kd7 35. d4 Ra8 36. Rc2 Ra3 37. h3 Nf6 38. Ne3 g6 39. g4 fxg4+
40. hxg4 g5 41. Nc4 Ra4 42. Rxc3 Rxa2 43. Ne5+ Kc8 44. Rc6 Ra3+ 45. Ke2 Nd5 46.
Rh6 Nf4+ 47. Kf2 Nd3+ 48. Ke2 Nf4+ 49. Kf2 Ra2+ 50. Kf3 Rd2 51. Ke4 Ne2 52. Nf3
Nc3+ 53. Ke3 Rg2 54. Ne5 Rg3+ 55. Kf2 Ne4+ 56. Ke2 Nd6 57. Rxh7 Nb5 58. Kf2
1/2-1/2

[Event "DEN-chT 0607"]
[Site "Denmark"]
[Date "2007.01.14"]
[Round "5.2"]
[White "Ahlander, Bjorn"]
[Black "Pedersen, Erik"]
[Result "0-1"]
[WhiteElo "2401"]
[BlackElo "2420"]
[PlyCount "98"]
[EventDate "2006.11.04"]
[EventType "team"]
[EventRounds "9"]
[EventCountry "DEN"]
[Source "ChessBase"]
[SourceDate "2007.02.01"]
[WhiteTeam "Nordkalotten"]
[BlackTeam "Aalborg"]
[WhiteTeamCountry "DEN"]
[BlackTeamCountry "DEN"]

1. d4 Nf6 2. c4 c5 3. d5 e6 4. Nc3 exd5 5. cxd5 d6 6. e4 g6 7. f4 Bg7 8. Bb5+
Nfd7 9. a4 Qh4+ 10. g3 Qd8 11. Nf3 O-O 12. O-O a6 13. Bc4 Nb6 14. Bd3 Bg4 15.
Qc2 Bxf3 16. Rxf3 N8d7 17. Bf1 Re8 18. Bd2 Nf6 19. Re1 Rc8 20. Nd1 Nbd7 21. Bc4
Rb8 22. Rb3 Ng4 23. Kg2 Bd4 24. Qd3 h5 25. Qf3 Qf6 26. h3 Nh6 27. g4 hxg4 28.
hxg4 g5 29. e5 Qg7 30. fxg5 Nxg4 31. Qxg4 Nxe5 32. Rxe5 Qxe5 33. Rf3 b5 34.
axb5 axb5 35. Bd3 Qxd5 36. g6 f6 37. Qd7 Qb7 38. Qxd6 Rbd8 39. Qf4 Be5 40. Qe3
c4 41. Bf5 Qd5 42. Nf2 Qxd2 43. Qa7 Qg5+ 44. Kf1 Bc7 45. Qxc7 Re1+ 46. Kxe1
Qc1+ 47. Nd1 Rxd1+ 48. Kf2 Qd2+ 49. Kg3 Rg1+ 0-1